| 000 | 00597nam a2200193 4500 | ||
|---|---|---|---|
| 001 | 123019 | ||
| 003 | ES-MaACL | ||
| 005 | 20250822162347.0 | ||
| 007 | t| | ||
| 008 | 070214s1962 sp r ||||0| spa d | ||
| 245 | 0 | 0 |
_aProtesta / _ccompilado por Gene Feldman y Max Gartenberg ; [versión de Domingo Manfredi Cano]. |
| 260 |
_aBarcelona : _bCaralt, _c1962. |
||
| 300 |
_a389 p ; _c24 cm. |
||
| 700 | 1 |
_aFeldman, Gene. _949145 |
|
| 700 | 1 |
_aGartenberg, Max. _955793 |
|
| 700 | 1 |
_aManfredi Cano, Domingo, _d1918-1998 _975997 |
|
| 852 |
_aES-MaACL _jC-17743 _bR.50292 |
||
| 999 |
_c123019 _d123019 |
||